| 000 | 01025nam a2200253 a 4500 | ||
|---|---|---|---|
| 001 | BRCA_2231 | ||
| 005 | 20190320203725.0 | ||
| 008 | 930720s1991 mx a b 000 0 spa | ||
| 020 | _a9684999046 | ||
| 040 |
_aDLC _cDLC |
||
| 050 | 4 |
_aE101 _b.P37 1991 |
|
| 245 | 1 | 0 |
_aPasajes y estampas del descubrimiento _b25 grabados y recopilaciones _cPatricia Quintana Oliver ; Gilberto Guerrero Sánchez ; Luis de la Torre Ruiz ; Francisco Baños Urquijo ; Gerardo Noriega Rivero |
| 260 |
_aMéxico _bEmpresario _c1991. |
||
| 300 |
_a71 p. _bil. _c32 cm. _e1 invitación |
||
| 500 | _aCatálogo de la exposición realizada en el Museo Franz Mayer (Ciudad de México) | ||
| 504 | _aIncluye referencias bibliográficas. | ||
| 650 | 1 | 4 |
_aAmérica _vDescubrimiento y exploración _96711 |
| 650 | 1 | 4 |
_aCronistas novohispanos _ySiglo XVI _96712 |
| 700 | 1 |
_aQuintana Oliver, Patricia _96713 |
|
| 700 | 1 |
_aGuerrero Sánchez, Gilberto _96714 |
|
| 700 | 1 |
_aTorre, Luis de la _96715 |
|
| 700 | 1 |
_aBaños Urquijo, Francisco _93881 |
|
| 942 |
_2lcc _cB |
||
| 999 |
_c1983 _d1983 |
||